Name the GD level by a small description - Statistics

General Stats
  • This quiz has been taken 22 times
  • The average score is 15 of 20
Answer Stats
Hint Answer % Correct
First level Stereo Madness
100%
Top 1 Thinking Space II
100%
Purple Geode Amethyst
94%
Super Iconic Extreme Bloodbath
94%
Hardest official level Deadlocked
88%
Long Platformer How to Platformer
88%
Easy demon featuring an eye Ispywithmylittleeye
88%
Keys Limbo
88%
One letter medium demon B
82%
Long hard demon with an iconic 99% chokepoint Future Funk
82%
Robot only Extreme (the easier one) Shardscapes
82%
Introduces destructible blocks Electroman Adventures
76%
Iconic easy level with a retro theme Retray
76%
Most difficult memory level Boobawamba
71%
Easiest extreme with a difficult ship ending Red World
65%
Long Extreme with two 99% fails Flamewall
59%
Easy demon featuring multiple acts Change of Scene
53%
Bwomp Blast Processing
47%
Easy demon with a hell theme Death Moon
24%
A Voxicat level centered around a Nintendo handheld Broken Gameboy
18%
No matching quizzes found
Score Distribution
Percent of People with Each Score
Percentile by Number Answered
Your Score History
You have not taken this quiz